000 00902nam a2200253 i 4500
001 bg
100 1 _aŚciślewski, Zbigniew
_d(1936-2005).
245 1 0 _aTrwałość konstrukcji żelbetowych =
_bDurability of reinforced concrete structures /
_cZbigniew Ściślewski.
260 _aWarszawa :
_bITB,
_c1995.
300 _a181 s. :
_bwykr. ;
_c24 cm.
490 1 _aPrace Naukowe Instytutu Techniki Budowlanej. Monografie =
_aScientific Paper of the Building Research Institute
504 _aBibliogr. s. 173-181. - Strescz., summ.
650 9 _aKonstrukcje żelbetowe
_xochrona
650 9 _aKorozja i erozja
_xbadanie
830 0 _aPrace Naukowe Instytutu Techniki Budowlanej.
_pMonografie
020 _a8371301790
040 _cBPK
041 0 _apl
_ben
080 _a624.01
080 _a620.193/.194
920 _a83-7130-179-0
942 _cKS
008 s pl f |000 0 pol
999 _c30629
_d30629
856 _uhttp://koha.tu.koszalin.pl/cgi-bin/koha/opac-detail.pl?biblionumber=30629
_yKatalog online BPK